Disney Songs - Sudden Death #1 - Statistics

General Stats
  • This quiz has been taken 1,079 times
  • The average score is 7 of 20
Answers on the Grid
Answers color-coded by a green-red scale on the quiz's grid according to % correct below.
Colors of the Wind
America
How Far I'll Go
Remember Me
We Don't Talk About Bruno
When You Wish Upon a Star
Bibbidi-Bobbidi-Boo
Defying Gravity
One Foot in Front of the Other
Let It Go
The Trail We Blaze
When She Loved Me
The Bare Necessities
You'll Be In My Heart
Circle of Life
Hellfire
Cruella De Vil
Once Upon a December
I See the Light
Everybody Wants to Be a Cat
Reflection
You Can Fly
Deliver Us
Human Again
Almost There
Go the Distance
Everything is Awesome
Hello Hello
Once Upon a Dream
Why Should I Worry
 
Answer Stats
Answer % Correct
Colors of the Wind
82%
How Far I'll Go
60%
We Don't Talk About Bruno
53%
Bibbidi-Bobbidi-Boo
48%
When You Wish Upon a Star
48%
Let It Go
46%
Circle of Life
40%
The Bare Necessities
38%
Cruella De Vil
33%
Once Upon a Dream
30%
You'll Be In My Heart
27%
I See the Light
25%
You Can Fly
25%
Go the Distance
24%
Everybody Wants to Be a Cat
23%
Reflection
23%
Almost There
22%
Hellfire
12%
Human Again
12%
Why Should I Worry
9%
No matching quizzes found
Score Distribution
Percent of People with Each Score
Percentile by Number Answered
Your Score History
You have not taken this quiz